000 00551nam a2200193Ia 4500
999 _c2977
_d2977
003 OSt
005 20200821101016.0
008 190216s9999||||xx |||||||||||||| ||und||
020 _a0074620541
040 _coclc
082 _a541.28
_bCHA/I
100 _aChandra, A K
_94243
245 0 _aIntroductory Quantum Chemistry /
_cA K Chandra
250 _a4th Ed.
260 _bTata Mcgrawhill Publishers,
_c2001.
_aNew Delhi:
300 _a389p
650 _aChemistry-Chemistry
942 _cBK
_2ddc
_h541.28
_iCHA/I
_k541.28
_mCHA/I